特別警報が発表されたことのない都道府県 - Statistics

General Stats
  • This quiz has been taken 53 times
  • The average score is 10 of 11
Answer Stats
Answer % Correct
徳島県
98%
青森県
96%
秋田県
96%
奈良県
96%
香川県
94%
富山県
92%
大阪府
92%
和歌山県
92%
千葉県
90%
愛知県
90%
山口県
86%
No matching quizzes found
Score Distribution
Percent of People with Each Score
Percentile by Number Answered
Your Score History
You have not taken this quiz